00620nam a22001457a 4500003000900000005001700009008004100026040001300067245002200080250000600102260003200108300001700140490000600157520031100163IT-RoPau20220918175938.0130115b xxu||||| |||| 00| 0 eng d cIT-RoPau aTestimoni Paolini aI aRomabPostulazione Generale a16 p.c22 cm vI a Testimoni Paolini Nel silenzio di una notte Servo di Dio Sac. Giacomo Alberione Servo di Dio Sac. Timoteo Giaccardo Servo di Dio Apostolo Maggiorino Vigolungo Serva di Dio Suor Tecla Merlo Servo di Dio Apostolo Riccardo Andrea M. Borello Servo di Dio Sac. Francesco Chiesa